000 00684nam a22001817a 4500
003 OSt
005 20251124111242.0
008 251124b |||||||| |||| 00| 0 eng d
040 _aDWC-Main Lib.
_cOC
082 _aSC. 959.9109 G377n 2003
100 _aGerona, Danilo M.
245 _aNaga :
_bthe birth and rebirth of a city/
_cDanilo M. Gerona
260 _aNaga City :
_bLocal Government Unit,
_cc2003.
300 _aiv, 178 pages :
_billustrations ;
_c22 cm.
650 _a1. Local history--Naga City (Camarines Sur).
650 _a2. Naga City (Camarines Sur)--History. I. Obias, Jose Fernando P. II. Imperial, Danilo T. III. Bordado, Gabriel H.
942 _2ddc
_cSC
_kSC.
_n0
999 _c6064
_d6064